| 000 | 00928nam a22002417a 4500 | ||
|---|---|---|---|
| 001 | 48665 | ||
| 003 | BD-RjUL | ||
| 005 | 20211209054550.0 | ||
| 008 | 160816s1955 ii ||||| |||| 00| 0 ben d | ||
| 020 | _c: TK 1.50 | ||
| 035 | _a(BD-RjUL)48784 | ||
| 040 |
_aBD-RjUL _bben _cBD-RjUL |
||
| 041 | _aben | ||
| 082 |
_223 _a891.443 _bSET 1955 |
||
| 100 |
_aসেনগুপ্ত, অচিন্ত্য কুমার _9146925 |
||
| 245 | 1 | 0 |
_aতুমি আর আমি / _cঅচিন্ত্য কুমার সেনগুপ্ত |
| 250 | _aনতুন সং. | ||
| 260 |
_aকলিকাতা : _bইন্ডিয়ান অ্যাসোসিয়েসন, _c১৯৫৫ [১৩৬২] |
||
| 300 |
_a১০৬ পৃ. : _bচিত্র ; _c১৯ সেমি. |
||
| 650 |
_aবাংলা উপন্যাস _9146926 |
||
| 650 |
_aBengali Fiction _9146927 |
||
| 942 |
_2ddc _cBK |
||
| 999 |
_c48665 _d48665 |
||